<?xml version="1.0" encoding="UTF-8"?>
<record
    xmlns:xsi="http://www.w3.org/2001/XMLSchema-instance"
    xsi:schemaLocation="http://www.loc.gov/MARC21/slim http://www.loc.gov/standards/marcxml/schema/MARC21slim.xsd"
    xmlns="http://www.loc.gov/MARC21/slim">

  <leader>00397    a2200121   4500</leader>
  <controlfield tag="001">ART_7829</controlfield>
  <controlfield tag="005">20260410161638.0</controlfield>
  <controlfield tag="008">260409a                                 </controlfield>
  <datafield tag="245" ind1="1" ind2="0">
    <subfield code="a">Un d&#xED;a de furia fiscal (o de las paradojas del R&#xE9;gimen de Percepci&#xF3;n de ISIB en PBA)</subfield>
  </datafield>
  <datafield tag="100" ind1="1" ind2=" ">
    <subfield code="a">Lorenzo, Armando</subfield>
  </datafield>
  <datafield tag="700" ind1="1" ind2=" ">
    <subfield code="a">Cavalli, C&#xE9;sar M.</subfield>
  </datafield>
  <datafield tag="773" ind1="0" ind2=" ">
    <subfield code="t">Consultor tributario</subfield>
    <subfield code="g">- N&#xBA; 13 (mar. 2008)</subfield>
    <subfield code="w">REV474</subfield>
  </datafield>
  <datafield tag="999" ind1=" " ind2=" ">
    <subfield code="c">13064</subfield>
    <subfield code="d">13064</subfield>
  </datafield>
</record>
